000
00219 a2200097 4500
001
3696
100
_a
Abbasi, G H M I
245
_a
Census of Pakistan Sindli khair state
260
_a
_b
Pak Pub
_c
090
_c
2953
_d
2953
942
_a
NUST-CAE
_c
M
_c
21702
999
_c
238769
_d
238769